000 00712nam a2200217 a 4500
001 000012347
005 20200929163018.0
008 091111s2006 sp 000 0 spa d
082 _axxx
_bB982p
100 1 _aBustelo, Pablo
_929017
245 1 3 _aLa presencia española en paises de fuerte crecimiento: China e India. /
_cPablo Bustelo, Luis Cacho, Juan José Zaballa.
260 _aMadrid :
_bCírculo de Empresarios,
_c2006.
300 _a228 p. ;
_c23 cm.
490 1 _aMonografía
_vn. 13
500 _aBibliografía : p. 226-228
700 1 _aBustelo, Pablo
_929017
700 1 _aCacho, Luis
_929018
700 1 _aZaballa, Juan José
_929019
830 0 _aMonografía
_vn. 13
_94914
999 _c12004
_d12004
040 _aDO-SdBNP